00843nam a22002657a 450000500170000001000140001702000090003103500140004003700160005404000120007008200130008210000300009524500630012524600060018825000120019426000510020627000470025730000200030450000230032465000300034765000380037794200220041599900190043795201210045620170124110246.0 aA-0777146 c4.50 aA-0777146 bCen Lib/Ret aDPLbEN a342bAND aAndews, William G.997535 aConstitution and constitutionalism /cby William G. Andews b  a3rd ed  aNew York bVan Nostrand Reihold Company c1968 bNew York a450 west 3rd street e1000 N.Y. a240p.c17cm(Hb) aIncludes appendix  aConstitutionalism 997536 aEvolution of constitution 997537 2ddccENh342mAND c135520d135520 00104070aLbLd2015-10-07eCen Lib/Retg4.50l0o342 ANDpA-0777146r2015-10-07 00:00:00t1v4.50w2015-10-07yEN